[Event "Barcelona Tres Peons op 22nd"]
[Site "Barcelona"]
[Date "2020.01.22"]
[Round "3"]
[White "Perez Mitjans, Orelvis"]
[Black "Guirao Galcera, Marc"]
[Result "1-0"]
[WhiteElo "2421"]
[BlackElo "2166"]
[PlyCount "141"]
[EventDate "2020.01.08"]
[EventType "swiss"]
[EventRounds "9"]
[EventCountry "ESP"]
[SourceTitle "CBM 195 Extra"]
[Source "ChessBase"]
[SourceDate "2020.05.31"]
[SourceVersion "1"]
[SourceVersionDate "2020.05.31"]
[SourceQuality "1"]

1. e4 c5 2. Nf3 e6 3. Nc3 a6 4. g3 b5 5. Bg2 Bb7 6. d3 d6 7. 0-0 Nf6 8. Ng5 h6 9. Nh3 Be7 10. f4 Qc7 11. a4 b4 12. Ne2 Nbd7 13. Nf2 e5 14. c3 0-0 15. g4 exf4 16. Bxf4 Ne5 17. Ng3 Ng6 18. Nh3 Nxf4 19. Nxf4 d5 20. Nxd5 Nxd5 21. exd5 bxc3 22. bxc3 c4 23. Nf5 cxd3 24. Qxd3 Bc5+ 25. Kh1 Rad8 26. c4 Bc8 27. Rae1 Bxf5 28. gxf5 Rfe8 29. f6 g6 30. Be4 Kh7 31. Re2 Re5 32. Rg2 Rg8 33. Rb1 Qd6 34. Rf1 Rh5 35. Qf3 Qe5 36. Re2 Qg5 37. Qf4 Qxf4 38. Rxf4 Rb8 39. Bc2 Rg5 40. h4 Rg1+ 41. Kh2 Rc1 42. Kg2 h5 43. Rf1 Rxf1 44. Kxf1 Rb6 45. Re8 Rxf6+ 46. Ke2 Rf4 47. Bd3 Kg7 48. Rc8 Bb4 49. c5 Kf6 50. Ke3 Rxh4 51. d6 Ke6 52. Re8+ Kd5 53. d7 Ba5 54. Be4+ Kxc5 55. Re5+ Kd6 56. Rxa5 Kxd7 57. Rxa6 f5 58. Bd3 f4+ 59. Ke4 Rh3 60. Rxg6 f3 61. Rf6 Kc7 62. Rxf3 Rh4+ 63. Rf4 Rh1 64. a5 Ra1 65. Rf7+ Kc6 66. Rf6+ Kb7 67. a6+ Ka7 68. Rh6 h4 69. Kd4 Rh1 70. Rh7+ Kb6 71. Rb7+ 1-0

[Event "Barcelona Tres Peons op 22nd"]
[Site "Barcelona"]
[Date "2020.01.08"]
[Round "1"]
[White "Albero Figueras, Emilio"]
[Black "Guirao Galcera, Marc"]
[Result "0-1"]
[WhiteElo "1805"]
[BlackElo "2166"]
[PlyCount "58"]
[EventDate "2020.01.08"]
[EventType "swiss"]
[EventRounds "9"]
[EventCountry "ESP"]
[SourceTitle "CBM 195 Extra"]
[Source "ChessBase"]
[SourceDate "2020.05.31"]
[SourceVersion "1"]
[SourceVersionDate "2020.05.31"]
[SourceQuality "1"]

1. d4 f5 2. e3 Nf6 3. Nf3 g6 4. Bd3 Bg7 5. 0-0 0-0 6. c4 b6 7. Nc3 Bb7 8. c5 e6 9. cxb6 axb6 10. Bd2 Qe7 11. a3 d6 12. Rc1 Nbd7 13. Bc4 c5 14. dxc5 bxc5 15. Ng5 d5 16. Be2 Bc6 17. Nb5 h6 18. Nh3 Rfb8 19. a4 Ne4 20. b3 g5 21. Be1 Rb7 22. f3 Nd6 23. Nxd6 Qxd6 24. e4 Bd4+ 25. Bf2 dxe4 26. Bxd4 cxd4 27. fxe4 Bxe4 28. Bc4 Ne5 29. Bb5 Ng4 0-1

[Event "Barcelona Tey op-A 1st"]
[Site "Barcelona"]
[Date "2019.11.27"]
[Round "8.5"]
[White "Guirao Galcera, Marc"]
[Black "Alcaraz Lopez, Francesco"]
[Result "1-0"]
[WhiteElo "2161"]
[BlackElo "1845"]
[PlyCount "67"]
[EventDate "2019.10.09"]
[EventType "swiss"]
[EventRounds "9"]
[EventCountry "ESP"]
[SourceTitle "EXT 2024"]
[Source "ChessBase"]
[SourceDate "2023.10.10"]
[SourceVersion "1"]
[SourceVersionDate "2023.10.10"]
[SourceQuality "1"]

1. e4 d6 2. d4 Nf6 3. Nc3 g6 4. f4 Bg7 5. Nf3 0-0 6. e5 Nfd7 7. Bc4 Nb6 8. Bb3 d5 9. a4 a5 10. h3 c6 11. Be3 f5 12. Qd2 e6 13. Nd1 Qe7 14. Bf2 N6d7 15. Bh4 Qe8 16. Ne3 b6 17. c4 Bb7 18. Rc1 Na6 19. 0-0 Rc8 20. cxd5 cxd5 21. Rxc8 Qxc8 22. Be7 Re8 23. Rc1 Qa8 24. Bd6 Bf8 25. Bxf8 Kxf8 26. g4 Kg7 27. Kh2 Kh8 28. Ng5 Re7 29. gxf5 gxf5 30. Rg1 h6 31. Nxe6 Rxe6 32. Nxf5 Qf8 33. Nh4 Qb4 34. Qg2 1-0

[Event "Barcelona Sants op 21st"]
[Site "Barcelona"]
[Date "2019.08.28"]
[Round "6"]
[White "Guirao Galcera, Marc"]
[Black "Percivaldi, Martin"]
[Result "0-1"]
[WhiteElo "2141"]
[BlackElo "2391"]
[PlyCount "100"]
[EventDate "2019.08.23"]
[EventType "swiss"]
[EventRounds "10"]
[EventCountry "ESP"]
[SourceTitle "EXT 2020"]
[Source "ChessBase"]
[SourceDate "2019.10.17"]
[SourceVersion "1"]
[SourceVersionDate "2019.10.17"]
[SourceQuality "1"]

1. e4 e6 2. d4 d5 3. Nc3 Nf6 4. e5 Nfd7 5. f4 c5 6. Nf3 Nc6 7. Be3 a6 8. Qd2 b5 9. Be2 b4 10. Nd1 a5 11. 0-0 Ba6 12. c3 Be7 13. Bxa6 Rxa6 14. Qf2 Qb6 15. Rc1 c4 16. f5 exf5 17. Ng5 Nd8 18. Qxf5 Qg6 19. b3 Qxf5 20. Rxf5 Nb6 21. Nb2 bxc3 22. Rxc3 Ba3 23. Rf2 0-0 24. Nf3 Ne6 25. Rcc2 a4 26. Nxa4 Nxa4 27. bxa4 Rb8 28. Nd2 Rxa4 29. Nf3 h6 30. g3 Rab4 31. Kg2 Rb1 32. Rfe2 Kf8 33. Kf2 Ke8 34. Re1 Kd7 35. Rxb1 Rxb1 36. Nh4 Kc6 37. Nf3 Kb5 38. Bd2 Rb2 39. Rxb2+ Bxb2 40. Be3 Ka4 41. Ke2 Ka3 42. Kd2 Kxa2 43. Kc2 Nc7 44. Nh4 Nb5 45. Nf5 Na3+ 46. Kd1 c3 47. e6 fxe6 48. Nxg7 c2+ 49. Ke2 Bxd4 50. Bxh6 Bxg7 0-1

[Event "Barcelona Tupinamba op-A 14th"]
[Site "Barcelona"]
[Date "2019.04.03"]
[Round "2.5"]
[White "Vendrell Sigales, Carles"]
[Black "Guirao Galcera, Marc"]
[Result "0-1"]
[WhiteElo "1889"]
[BlackElo "2107"]
[PlyCount "102"]
[EventDate "2019.03.27"]
[EventType "swiss"]
[EventRounds "9"]
[EventCountry "ESP"]
[SourceTitle "EXT 2024"]
[Source "ChessBase"]
[SourceDate "2023.10.10"]
[SourceVersion "1"]
[SourceVersionDate "2023.10.10"]
[SourceQuality "1"]

1. d4 f5 2. Nf3 Nf6 3. e3 b6 4. Bd3 e6 5. 0-0 Bb7 6. Nbd2 Be7 7. a4 a6 8. Qe2 0-0 9. c3 Ne4 10. Bc2 d5 11. Ne5 Nd7 12. Nxd7 Qxd7 13. f3 Nd6 14. f4 a5 15. Nf3 Ba6 16. Bd3 Bxd3 17. Qxd3 Bf6 18. Bd2 c5 19. Be1 c4 20. Qc2 Rfb8 21. Bh4 Bxh4 22. Nxh4 b5 23. Nf3 b4 24. Ne5 Qe8 25. Rfb1 Ne4 26. Nf3 Ra7 27. Nd2 Nxd2 28. Qxd2 Rab7 29. Qc2 bxc3 30. bxc3 Rb3 31. Rxb3 Rxb3 32. Ra2 Qb8 33. h3 Rb1+ 34. Kh2 Qb3 35. Kg3 Qxc2 36. Rxc2 Ra1 37. Rb2 Rxa4 38. Kf3 Ra3 39. Rb5 a4 40. Ra5 h5 41. Ra7 h4 42. Ra8+ Kf7 43. Ra7+ Kf6 44. Ra6 Ra2 45. Ra7 a3 46. Ra6 Ra1 47. Ra7 a2 48. Kf2 g5 49. Ra6 g4 50. hxg4 fxg4 51. Ra8 g3+ 0-1

[Event "Barcelona Tupinamba op 12th"]
[Site "Barcelona"]
[Date "2017.04.26"]
[Round "5.3"]
[White "Guirao Galcera, Marc"]
[Black "Capellades Subirana, Marc"]
[Result "0-1"]
[WhiteElo "2094"]
[BlackElo "2232"]
[PlyCount "78"]
[EventDate "2017.03.22"]
[EventType "swiss"]
[EventRounds "9"]
[EventCountry "ESP"]
[SourceTitle "EXT 2024"]
[Source "ChessBase"]
[SourceDate "2023.10.10"]
[SourceVersion "1"]
[SourceVersionDate "2023.10.10"]
[SourceQuality "1"]

1. e4 e5 2. Nf3 Nc6 3. Bb5 a6 4. Ba4 g6 5. c3 Bg7 6. 0-0 Nge7 7. d4 0-0 8. d5 Na5 9. b4 Nc4 10. Bb3 Nd6 11. Re1 b5 12. a4 Bb7 13. Bb2 h6 14. Nbd2 Kh7 15. Rc1 c6 16. dxc6 Bxc6 17. c4 bxc4 18. Nxc4 Nxc4 19. Bxc4 f6 20. Qb3 d5 21. exd5 Bxd5 22. Red1 Bxc4 23. Rxc4 Qb6 24. Rd7 Qe6 25. Rdc7 Rad8 26. Qc2 Rd6 27. h3 Rfd8 28. Rb7 Nd5 29. b5 axb5 30. axb5 Rb6 31. Rc6 Rxc6 32. Qxc6 Qf5 33. Ba3 Nf4 34. Qc7 Rd1+ 35. Kh2 Ne6 36. Qc4 e4 37. Nh4 Qf4+ 38. g3 Qxf2+ 39. Ng2 Qg1# 0-1